Wandering in South America, the North-west of the United States, and the Antilles, in the years 1812, 1820 & 1824. With original intructions for the perfect preservation of birds, etc. for Cabinets of Natural History. By Chales Waterton, Esq. New edition, edited, with biographical introduction and explanatory index by the Rev. J. G. Wood. With one hundred illustrations
Na minha lista:
| Autor principal: | |
|---|---|
| Formato: | Livro |
| Idioma: | inglês |
| Publicado em: |
Londres
Macmillan and Co.
1879
|
| Edição: | 2a. ed |
| Assuntos: | |
| Tags: |
Adicionar Tag
Sem tags, seja o primeiro a adicionar uma tag!
|
MARC
| LEADER | 00000nam a2200000 a 4500 | ||
|---|---|---|---|
| 001 | UCJ5419 | ||
| 003 | CL-VaPUC | ||
| 008 | 070124e18790000UK |||||||||||||||||eng|d | ||
| 082 | 0 | 4 | |a 910.4 |b WAT |2 21 |
| 100 | 0 | |a Waterton, Charles |e author |9 510588 | |
| 245 | 1 | 0 | |a Wandering in South America, the North-west of the United States, and the Antilles, in the years 1812, 1820 & 1824. With original intructions for the perfect preservation of birds, etc. for Cabinets of Natural History. By Chales Waterton, Esq. New edition, edited, with biographical introduction and explanatory index by the Rev. J. G. Wood. With one hundred illustrations |
| 250 | |a 2a. ed | ||
| 300 | |a xvi, 520 p | ||
| 942 | |c BK | ||
| 945 | |d 20070124 00:00:00 |a rinostro | ||
| 260 | |a Londres |b Macmillan and Co. |c 1879 | ||
| 500 | |a Apostillado; ilustraciones conforme a lo señalado en índice | ||
| 600 | 0 | 7 | |a WOOD, J.G. |2 CL-VaPUC |9 510589 |
| 650 | 0 | |a Viajes |9 257115 | |
| 650 | 0 | |a Geografía |9 259346 | |
| 650 | 7 | |a FLORA |2 CL-VaPUC |9 264745 | |
| 650 | 7 | |a FAUNA |2 CL-VaPUC |9 349523 | |
| 650 | 7 | |a BIOGRAFIA |2 CL-VaPUC |9 504622 | |
| 650 | 0 | |a Ecología |9 258124 | |
| 650 | 0 | |a Medio ambiente |9 257625 | |
| 650 | 0 | |a Control de plagas |9 327373 | |
| 650 | 0 | |a Aves |9 262192 | |
| 650 | 0 | |a Fauna marina |9 261231 | |
| 650 | 7 | |a TAXIDERMIA |2 CL-VaPUC |9 510590 | |
| 650 | 0 | |a Ilustraciones |9 369481 | |
| 650 | 7 | |a MARCA TIPOGRAFICA |2 CL-VaPUC |9 506100 | |
| 651 | 0 | |a Brasil |9 267393 | |
| 651 | 0 | |a Antillas |9 323642 | |
| 651 | 7 | |a GUYANA |2 CL-VaPUC |9 356017 | |
| 583 | |a last modification |c 20070124 00:00:00 |k Rodrigo Vera | ||
| 999 | |c 321528 |d 321526 | ||
| 952 | |0 0 |1 0 |4 0 |6 910_400000000000000_WAT_1879 |7 0 |8 X |9 400297 |a FDOBUD |b FDOBUD |d 2019-11-22 |i 1034448 |o 910.4 WAT 1879 |p 1034448 |r 2019-11-22 |w 2019-11-22 |y BK_X |k BUD | ||